[Event "POR-ch U18"]
[Site "Aveiro"]
[Date "2003.??.??"]
[Round "5"]
[White "Azevedo, Sergio de Almeida E"]
[Black "Cruz, Jorge Filipe Egas"]
[Result "0-1"]
[WhiteElo "1835"]
[BlackElo "1605"]
[PlyCount "96"]
[EventDate "2003.??.??"]
[EventType "swiss"]
[EventRounds "7"]
[EventCountry "POR"]
[SourceTitle "EXT 2007"]
[Source "ChessBase"]
[SourceDate "2006.11.23"]
[SourceVersion "1"]
[SourceVersionDate "2006.11.23"]
[SourceQuality "1"]

1. d4 d5 2. Nf3 Nf6 3. c4 e6 4. Nc3 Be7 5. Qc2 0-0 6. e4 dxe4 7. Nxe4 Nbd7 8. Bd3 c5 9. 0-0 h6 10. Nxc5 Nxc5 11. dxc5 Bxc5 12. a3 a5 13. b3 b6 14. Bb2 Bb7 15. Qe2 Qe7 16. h3 Rfd8 17. Rfd1 Nh5 18. Be5 Bxa3 19. Nd4 Nf6 20. Nb5 Bc5 21. Nc3 Bd6 22. Na4 Bxe5 23. Qxe5 Nd7 24. Qb5 Rab8 25. Rac1 Qg5 26. Qxg5 hxg5 27. Bc2 Bc6 28. Rd6 Bxa4 29. bxa4 Nc5 30. Rcd1 Rxd6 31. Rxd6 Kf8 32. Kf1 Ke7 33. Rd2 Rd8 34. Ke2 Rxd2+ 35. Kxd2 Kd6 36. g3 Nd7 37. Bd1 Kc5 38. Kc3 Ne5 39. Be2 Nc6 40. Bd1 Nd4 41. Kd3 Nf5 42. Kc3 Nd6 43. Be2 Ne4+ 44. Kd3 Nxf2+ 45. Ke3 Nxh3 46. Bg4 Ng1 47. Kf2 f5 48. Bd1 Nh3+ 0-1

[Event "POR-ch57"]
[Site "Lisbon"]
[Date "2001.09.08"]
[Round "7.19"]
[White "Azevedo, Sergio de Almeida E"]
[Black "Tome, Daniel"]
[Result "0-1"]
[WhiteElo "2000"]
[BlackElo "2000"]
[PlyCount "76"]
[EventDate "2001.09.05"]
[EventType "swiss"]
[EventRounds "9"]
[EventCountry "POR"]
[SourceTitle "EXT 2002"]
[Source "ChessBase"]
[SourceDate "2001.11.25"]
[SourceVersion "1"]
[SourceVersionDate "2001.11.25"]
[SourceQuality "1"]

1. d4 Nf6 2. Bg5 Ne4 3. Bh4 d5 4. f3 Nf6 5. e3 c6 6. Nc3 Nbd7 7. Bd3 e5 8. Nge2 Bd6 9. 0-0 0-0 10. Rb1 b5 11. a3 a5 12. Ra1 Bb7 13. e4 exd4 14. Nxd4 Qc7 15. h3 b4 16. Na4 c5 17. Nb5 Bh2+ 18. Kh1 Qb8 19. Bxf6 gxf6 20. exd5 Bxd5 21. f4 Bxf4 22. Qh5 Bxg2+ 23. Kxg2 h6 24. Qf5 Re8 25. Rxf4 Qb7+ 26. Kh2 Re5 27. Qh7+ Kf8 28. Qxh6+ Ke7 29. Qh4 Rg8 30. Re4 Qb8 31. Qf4 c4 32. Nd4 Qa8 33. Rae1 cxd3 34. cxd3 Rgg5 35. Qf3 Qa6 36. Nc6+ Kf8 37. Nxe5 Nxe5 38. Rg1 Nxf3+ 0-1

[Event "POR-ch57"]
[Site "Lisbon"]
[Date "2001.09.04"]
[Round "4.20"]
[White "Azevedo, Sergio de Almeida E"]
[Black "Lopes, Carlos Correia"]
[Result "1-0"]
[WhiteElo "2000"]
[BlackElo "2000"]
[PlyCount "157"]
[EventDate "2001.09.05"]
[EventType "swiss"]
[EventRounds "9"]
[EventCountry "POR"]
[SourceTitle "EXT 2002"]
[Source "ChessBase"]
[SourceDate "2001.11.25"]
[SourceVersion "1"]
[SourceVersionDate "2001.11.25"]
[SourceQuality "1"]

1. d4 Nf6 2. Bg5 Ne4 3. Bh4 d5 4. f3 Nf6 5. e3 c6 6. Nc3 e6 7. Bd3 Be7 8. Nge2 Nbd7 9. 0-0 0-0 10. Ng3 c5 11. f4 cxd4 12. exd4 Qb6 13. Rb1 Qxd4+ 14. Kh1 Ne4 15. Bxe7 Re8 16. Bh4 Nf2+ 17. Rxf2 Qxf2 18. Qf1 Qxf1+ 19. Rxf1 f6 20. Re1 Nc5 21. Bb5 Rd8 22. Na4 Nxa4 23. Bxa4 Rb8 24. c3 b5 25. Bb3 a5 26. Ne2 a4 27. Bc2 Kf7 28. Nd4 Bd7 29. a3 g6 30. Kg1 Re8 31. Bg3 Rb7 32. Bd3 h6 33. h4 Rg8 34. Kf2 h5 35. Nc2 Bc6 36. Nb4 Rc8 37. Nxc6 Rxc6 38. Ke3 Rc8 39. Bf2 Rg8 40. Kf3 Re8 41. Bd4 Rg8 42. Rb1 Ra8 43. Rg1 Re8 44. Ke3 Rh8 45. g4 hxg4 46. Rxg4 Rh6 47. h5 gxh5 48. Rh4 Ke7 49. Bc5+ Kd7 50. Be2 Kc6 51. Bb4 Rbh7 52. Bf8 Rg6 53. Rxh5 Rxh5 54. Bxh5 Rg2 55. Be8+ Kb6 56. Bf7 Rg1 57. f5 exf5 58. Bxd5 Rb1 59. Kf4 Rf1+ 60. Bf3 Rf2 61. Be7 Rxb2 62. Kxf5 Ka6 63. Bb4 Rh2 64. Be4 Rf2+ 65. Ke6 Re2 66. Kd5 Rd2+ 67. Kc5 Rd8 68. Bc6 Rc8 69. Kd6 f5 70. Bd7 Rh8 71. Bxf5 Rh6+ 72. Kc7 Rh5 73. Bc8+ Ka7 74. Kc6 Rh8 75. Bc5+ Ka8 76. Ba6 Rh6+ 77. Kxb5 Rh5 78. Kb4 Rh6 79. Bc4 1-0

[Event "POR-ch57"]
[Site "Lisbon"]
[Date "2001.09.02"]
[Round "2.10"]
[White "Azevedo, Sergio de Almeida E"]
[Black "Rodrigues, Afonso"]
[Result "0-1"]
[WhiteElo "2000"]
[BlackElo "2114"]
[PlyCount "108"]
[EventDate "2001.09.05"]
[EventType "swiss"]
[EventRounds "9"]
[EventCountry "POR"]
[SourceTitle "EXT 2002"]
[Source "ChessBase"]
[SourceDate "2001.11.25"]
[SourceVersion "1"]
[SourceVersionDate "2001.11.25"]
[SourceQuality "1"]

1. d4 e6 2. c4 d5 3. Nf3 c6 4. e3 Bd6 5. Nc3 f5 6. a3 Nf6 7. Bd3 0-0 8. 0-0 Ne4 9. Nd2 Nd7 10. f3 Qh4 11. f4 Ndf6 12. Nf3 Qh6 13. Qe1 Bd7 14. Qh4 Qxh4 15. Nxh4 Nxc3 16. bxc3 Ne4 17. Rb1 Rab8 18. c5 Be7 19. Nf3 Nxc3 20. Rb3 Ne4 21. a4 b6 22. Ne5 Rfd8 23. Bxe4 fxe4 24. Bd2 Bf6 25. Rfb1 Bxe5 26. fxe5 b5 27. a5 Be8 28. Rf1 Bh5 29. Bb4 Rf8 30. Rb2 Rf5 31. Rbf2 Rbf8 32. h4 Be2 33. Rxf5 exf5 34. Rf2 Bg4 35. Kh2 Kf7 36. Rf4 h6 37. Rf2 Kg6 38. Be1 Kh5 39. Kg1 Rb8 40. Rb2 g5 41. hxg5 hxg5 42. g3 Bf3 43. Rh2+ Kg4 44. e6 b4 45. e7 b3 46. Rb2 Bd1 47. Bc3 Bc2 48. Kf2 Re8 49. Be1 Rxe7 50. Ke2 Rh7 51. Bf2 Rh2 52. a6 Rg2 53. Kf1 Kf3 54. Be1 Bd3+ 0-1